000 00864nam a2200253 a 4500
001 000019962
005 20240226144327.0
008 100709s1968 sp 001 e spa d
040 _aDO-SdBNP
_bspa
_cBNPHU
082 _a864.6
_bD542f, 1968
100 1 _aDíaz-Plaja, Guillermo,
_d1909-1984
_916967
245 1 0 _aFederico García Lorca :
_bsu obra e influencia en la poesía española /
_cGuillermo Díaz-Plaja.
250 _a4a ed.
260 _aMadrid :
_bEspasa-Calpe,
_c1968.
300 _a224, [13] p. ;
_c18 cm.
490 1 _aAustral. Verde: ensayos y filosofía
_v1221
500 _aIncluye índice de autores.
600 0 _aGarcía Lorca, Federico,
_d1898-1936
_914727
650 4 _aEnsayos españoles
_93095
650 4 _aLiteratura española
_9632
830 0 _aAustral.
_pVerde: ensayos y filosofía;
_v1221
_98733
910 _aWM
049 _aBNGR
999 _c19475
_d19475